• 首页
  • 本馆介绍
  • 公告通知
  • 最新文献
  • 馆藏检索
  • 电子资源
  • 读者导购
  • 参考咨询
  • 我的图书馆
  • 登录
  • 详细信息显示
  • 放入我的书架
  • 预约/预借图书
  • 作者相关作品
  • 分类相关作品
  • 丛书相关作品
  • 出版社相关作品

书目信息

  • 表格格式
  • 工作单格式
  • 卡片格式
题名:
风湿免疫病300个怎么办
    
 
作者: 唐福林 主编 ;于波 编写
分册:  
出版信息: 北京   中国协和医科大学出版社  2005
页数: 13,252页
开本: 21cm
丛书名: 协和医生答疑丛书
单 册:
中图分类: R593.21-44
科图分类:
主题词: 风湿病--诊疗--问答
电子资源:
ISBN: 7-81072-538-6
000 01201nam0 2200349 450
000 01164nam0 2200337 450
000 01161nam0 2200349 450
000 01107nam0 2200325 450
000 01125nam0 2200313 450
000 01088nam0 2200301 45
001 TS2006039645
005 20061216105909.98
010    @a7-81072-538-6@dCNY16.00
100    @a20060829d2005 em y0chiy0120 ea
101 0  @achi
102    @aCN@b110000
105    @ay z 000yy
200 1  @a风湿免疫病300个怎么办@Afeng shi mian yi bing 300 ge zen me ban@f唐福林主编@FTang Fu Lin Zhu Bian@g于波等编写
205    @a2版
210    @a北京@c中国协和医科大学出版社@d2005
215    @a13,252页@d21cm
225 2  @a协和医生答疑丛书
330    @a本书共300个问答,全面地介绍了风湿免疫病的基本知识、病因、病理、并发症、诊断、预防和治疗原则。
410  0 @12001 @a协和医生答疑丛书
606 0  @a风湿病@x诊疗@x问答
690    @aR593.21-44@v4
701  0 @a唐福林@Atang fu lin@f(1941~)@4主编
702  0 @a于波@Ayu bo@c(医学)@4编写
801  0 @aCN@b中图数据@c20061216
905    @a10447@dR593.21-44@e85=2
    
    风湿免疫病300个怎么办/唐福林主编/于波等编写.-2版.-北京:中国协和医科大学出版社,2005
    13,252页;21cm.-(协和医生答疑丛书)
    
    
    ISBN 7-81072-538-6:CNY16.00
    本书共300个问答,全面地介绍了风湿免疫病的基本知识、病因、病理、并发症、诊断、预防和治疗原则。
●
相关链接 在E读中查询图书 在五车中查询图书 在当当中查询图书 在豆瓣中查询图书


正题名:风湿免疫病300个怎么办     索取号:R593.21-44/85=2         预约/预借

序号 登录号 条形码 馆藏地/架位号 状态 备注
1 0618337   206183379   第二样本阅览室/ [索取号:R593.21-44/85=2] 在馆    
2 0618338   206183388   第三借阅区/ [索取号:R593.21-44/85=2] 在馆    
3 0618339   206183397   第三借阅区/ [索取号:R593.21-44/85=2] 在馆    
4 0618340   206183404   第三借阅区/ [索取号:R593.21-44/85=2] 在馆    
5 0618341   206183413   第三借阅区/ [索取号:R593.21-44/85=2] 在馆    
唐山师范学院图书馆 欢迎您!
大连网信软件有限公司© 版权所有